000 00977nas a2200301 4500
001 BR2012006550
003 BR-BrBNA
005 20231205121305.0
007 ta
008 230509b bl.|||p| |||| 00| 00por d
040 _aBR-BrBNA
_bpor
_cBiblioteca Nacional de Agricultura
041 _a(Pt)
072 _aL70; L73
100 1 _aBruno, S.F.
100 1 _aMello, A.L.G.D.
100 1 _aSturm, B.R.
100 1 _aVasconcelos, T.C.B. de
245 1 _aClínica de répteis: estudo retrospectivo realizado no setor de animais silvestres e exóticos da faculdade de veterinária da UFF no período de janeiro 1999 a dezembro de 2009
650 _aRÉPTIL
650 _aVETERINÁRIA
650 _aDIAGNÓSTICO
650 _aSINTOMA
650 _aLEVANTAMENTO
650 _aDOENÇA ANIMAL
773 0 _tRevista CFMV (Brazil)
_xISSN 1517-6959
_g(Sep-Dec 2011), v. 17(54) p. 34-43
_wBR2012006550
909 _a202311
_bLúcia
_c55
_dLúcia Elande
942 _2AGRIS
_n0
_cANA
999 _c222771
_d222771